<?xml version="1.0" encoding="UTF-8"?>
<record
    xmlns:xsi="http://www.w3.org/2001/XMLSchema-instance"
    xsi:schemaLocation="http://www.loc.gov/MARC21/slim http://www.loc.gov/standards/marcxml/schema/MARC21slim.xsd"
    xmlns="http://www.loc.gov/MARC21/slim">

  <leader>00451nam a22001697a 4500</leader>
  <datafield tag="999" ind1=" " ind2=" ">
    <subfield code="c">526803</subfield>
    <subfield code="d">526803</subfield>
  </datafield>
  <controlfield tag="003">NUST</controlfield>
  <datafield tag="038" ind1=" " ind2=" ">
    <subfield code="a">waseem</subfield>
  </datafield>
  <datafield tag="082" ind1=" " ind2=" ">
    <subfield code="a">791.43092</subfield>
    <subfield code="b">BHE</subfield>
  </datafield>
  <datafield tag="100" ind1=" " ind2=" ">
    <subfield code="a">Bheshem Sahni</subfield>
    <subfield code="9">17801</subfield>
  </datafield>
  <datafield tag="245" ind1=" " ind2=" ">
    <subfield code="a">Balraj mera bhai /</subfield>
    <subfield code="c">Bheshem Sahni</subfield>
  </datafield>
  <datafield tag="260" ind1=" " ind2=" ">
    <subfield code="a">India :</subfield>
    <subfield code="b">National Book Trust,</subfield>
    <subfield code="c">1987.</subfield>
  </datafield>
  <datafield tag="300" ind1=" " ind2=" ">
    <subfield code="a">171 p. ;</subfield>
  </datafield>
  <datafield tag="500" ind1=" " ind2=" ">
    <subfield code="a">Hardcover.</subfield>
  </datafield>
  <datafield tag="880" ind1=" " ind2=" ">
    <subfield code="6">100-01\r</subfield>
    <subfield code="a">&#x628;&#x6BE;&#x6CC;&#x634;&#x645; &#x633;&#x627;&#x6C1;&#x646;&#x6CC;</subfield>
  </datafield>
  <datafield tag="880" ind1=" " ind2=" ">
    <subfield code="6">245-02\r</subfield>
    <subfield code="a">&#x628;&#x644;&#x631;&#x627;&#x62C; &#x645;&#x6CC;&#x631;&#x627; &#x628;&#x6BE;&#x627;&#x626;&#x6CC; /</subfield>
  </datafield>
  <datafield tag="942" ind1=" " ind2=" ">
    <subfield code="2">ddc</subfield>
    <subfield code="c">BK</subfield>
  </datafield>
  <datafield tag="952" ind1=" " ind2=" ">
    <subfield code="0">0</subfield>
    <subfield code="1">0</subfield>
    <subfield code="2">ddc</subfield>
    <subfield code="4">0</subfield>
    <subfield code="7">0</subfield>
    <subfield code="a">CL</subfield>
    <subfield code="b">CL</subfield>
    <subfield code="d">2019-07-16</subfield>
    <subfield code="l">0</subfield>
    <subfield code="o">791.43092 BHE</subfield>
    <subfield code="p">CL-E-256</subfield>
    <subfield code="r">2019-07-16</subfield>
    <subfield code="w">2019-07-16</subfield>
    <subfield code="y">BK</subfield>
  </datafield>
</record>
